00741nam a2200229 a 4500001001000000003000900010005001700019007001000036008003100046020001900077040002200096082002800118100003100146245005200177260006100229300003500290490001500325650003900340650003900379650003400418710005900452000044250DO-SdBNP20240809115150.0000044250140611s2011 dr ac 000 0 spa d a 9789945808926 aBPMSUbspacBPMSU 4aRD863.5bF866g 20242221 aFreixas, Verouschkad1971-10a Gaspar : bel gato mago /cVerouschka Freixas. aSanto Domingo :bBiblioteca Infantil y Juvenil,c2024g  a37 p. :bil., retrs. ;c19 cm.0 aNarrativa  4aCuentos infantiles dominicanos 2  4aLiteratura infantil dominicana 2  4aLibros infantiles ilustrados 2 aBiblioteca Infantil y Juvenil (República Dominicana)